[Event "Challenge"]
[Site "http://www.queenalice.com/game.php?id=823864"]
[Date "2010.8.27"]
[Round "-"]
[White "trolldetroy"]
[Black "bbbrian"]
[Result "0-1"]
[WhiteElo "1976"]
[BlackElo "2233"]

1. e4 e5 2. h3 Nf6 3. Nc3 Nc6 4. Bb5 Nd4 5. Nf3 Nxb5 6. Nxb5 c6 7. Nc3 d6 8. O-O
Qc7 9. d4 b5 10. d5 b4 11. Ne2 Nxe4 12. dxc6 Qxc6 13. Be3 Be7 14. a3 a5 15. axb4
axb4 16. c3 bxc3 17. Rxa8 Qxa8 18. Nxc3 Nxc3 19. bxc3 O-O 20. Qa1 Bb7 21. Qb2
Bxf3 22. gxf3 Qxf3 23. Kh2 Qc6 24. Rg1 Rc8 25. Bh6 Bf8 26. Qd2 g6 27. Bxf8 Rxf8
28. Rd1 Rd8 29. Qg5 Re8 30. h4 Kg7 31. h5 h6 32. Qg3 Re6 33. Rg1 Rf6 34. Qe3 Qf3
35. hxg6 Qxf2+ 36. Qxf2 Rxf2+ 37. Kg3 Rf6 38. gxf7 Rg6+ 39. Kf2 Rxg1 40. Kxg1
Kxf7 0-1

[Event "Challenge"]
[Site "http://www.queenalice.com/game.php?id=823865"]
[Date "2010.8.27"]
[Round "-"]
[White "bbbrian"]
[Black "trolldetroy"]
[Result "1-0"]
[WhiteElo "2227"]
[BlackElo "1970"]

1. d4 d5 2. c4 c6 3. Nf3 Nf6 4. Nc3 g6 5. Bf4 Bg7 6. e3 e6 7. Be2 O-O 8. O-O
dxc4 9. Bxc4 Nbd7 10. Rc1 Nb6 11. Bb3 Nfd5 12. Bg3 Nd7 13. Ne4 N7f6 14. Bh4 Qd7
15. Nc5 Qe8 16. e4 Nb6 17. Re1 Nfd7 18. e5 Nxc5 19. dxc5 Nd5 20. Nd2 Qd7 21. Nc4
Re8 22. Nd6 Rf8 23. Qd4 f5 24. exf6 Bxf6 25. Bxf6 Nxf6 26. Bxe6+ 1-0

[Event "Challenge"]
[Site "http://www.queenalice.com/game.php?id=832528"]
[Date "2010.9.13"]
[Round "-"]
[White "bbbrian"]
[Black "eddval"]
[Result "1-0"]
[WhiteElo "2187"]
[BlackElo "2149"]

1. d4 Nf6 2. c4 e6 3. g3 Bb4+ 4. Bd2 Bxd2+ 5. Qxd2 d6 6. Bg2 Nbd7 7. Nc3 O-O 8.
Nf3 e5 9. O-O Re8 10. Rad1 Qe7 11. e4 Nb6 12. b3 c6 13. h3 Nh5 14. Rfe1 h6 15.
Ne2 Kh7 16. g4 Nf4 17. Nxf4 exf4 18. Qxf4 Be6 19. d5 Bd7 20. dxc6 Bxc6 21. Rxd6
Rad8 22. Rxd8 Rxd8 23. Re2 Re8 24. Nd4 g6 25. Nxc6 bxc6 26. Rd2 Kg7 27. Qd6 Qg5
28. f4 Qh4 29. Kh2 Qe1 30. Qd4+ Kg8 31. c5 Nc8 32. Rd1 Qh4 33. Qd7 Rf8 34. Qxc6
h5 35. f5 hxg4 36. Rd3 gxh3 37. Rxh3 Qf4+ 38. Kg1 Qc1+ 39. Bf1 Qg5+ 40. Kh1 Qf4
41. Kg2 Qd2+ 42. Kf3 Qc3+ 43. Kf2 Qd2+ 44. Be2 Qf4+ 45. Kg2 Qd2 46. Qa6 Re8 47.
fxg6 Ne7 48. gxf7+ Kxf7 49. Rf3+ Kg8 50. Qe6+ 1-0

[Event "Challenge"]
[Site "http://www.queenalice.com/game.php?id=833014"]
[Date "2010.9.14"]
[Round "-"]
[White "eddval"]
[Black "bbbrian"]
[Result "0-1"]
[WhiteElo "2083"]
[BlackElo "2135"]

1. e4 e5 2. Nf3 Nc6 3. d4 exd4 4. Nxd4 Bc5 5. Be3 Qf6 6. c3 Nge7 7. Bc4 Ne5 8.
Bb3 d6 9. O-O O-O 10. Nb5 Bg4 11. Qc2 Qg6 12. Bxc5 Bf3 13. g3 Qg4 14. Nd2 Qh3
0-1

[Event "Challenge"]
[Site "http://www.queenalice.com/game.php?id=833869"]
[Date "2010.9.16"]
[Round "-"]
[White "RafaelCabral"]
[Black "bbbrian"]
[Result "0-1"]
[WhiteElo "2068"]
[BlackElo "2196"]

1. e4 e5 2. Nf3 Nc6 3. Bc4 Nf6 4. d3 Bc5 5. O-O d6 6. Nc3 Bg4 7. h3 Bh5 8. Bg5
h6 9. Be3 Nd4 10. g4 Nxf3+ 11. Qxf3 Bg6 12. h4 Qd7 13. h5 Bh7 14. g5 hxg5 15.
Bxg5 O-O-O 16. h6 Rdg8 17. hxg7 Rxg7 0-1

[Event "Challenge"]
[Site "http://www.queenalice.com/game.php?id=833907"]
[Date "2010.9.17"]
[Round "-"]
[White "shivaroxxx"]
[Black "bbbrian"]
[Result "1/2-1/2"]
[WhiteElo "1100"]
[BlackElo "2201"]

1. e4 e5 2. Nf3 Nc6 3. Bb5 Nge7 4. O-O g6 5. c3 a6 6. Ba4 Bg7 7. d4 exd4 8. cxd4
b5 9. Bb3 O-O 10. Nc3 d6 11. d5 Na5 12. Re1 Nxb3 13. axb3 Bb7 14. Nd4 Qd7 15.
Be3 Rfe8 16. b4 c6 17. dxc6 Nxc6 18. Nxc6 Qxc6 19. f3 Rac8 20. Rc1 Qd7 21. Bd4
Rc4 22. Bxg7 Kxg7 23. b3 Rc7 24. Qd4+ Kg8 25. Red1 Rd8 26. Rd3 Qe7 27. Rcd1 Rdc8
28. R1d2 Qe5 29. Ne2 Rc6 30. g3 R8c7 31. Kg2 Kf8 32. Qe3 h5 33. Rd5 Qf6 34. Qf4
Qxf4 35. Nxf4 Ke7 36. R5d4 Rc3 37. Rxd6 Rxb3 38. Rb6 Ke8 39. Nd5 Bxd5 40. exd5
Ra7 41. Re2+ Kf8 42. Rd2 Re3 43. Kf2 Re8 44. Rd4 Rc7 1/2-1/2

[Event "Challenge"]
[Site "http://www.queenalice.com/game.php?id=835554"]
[Date "2010.9.20"]
[Round "-"]
[White "cazzo"]
[Black "bbbrian"]
[Result "1/2-1/2"]
[WhiteElo "2509"]
[BlackElo "2177"]

1. d4 d5 2. c4 c6 3. Nf3 Nf6 4. Nc3 e6 5. Bg5 Nbd7 6. e3 Qa5 7. Nd2 Bb4 8. Qc2
O-O 9. Be2 c5 10. O-O cxd4 11. Nb3 Qb6 12. Na4 Qc7 13. Nxd4 dxc4 14. Bxc4 Bd6
15. Rac1 Bxh2+ 16. Kh1 Bd6 17. Nb5 Qc6 18. Nxd6 Qxd6 19. Rfd1 Qe5 20. Bf4 Qa5
21. Be2 Re8 22. a3 Qf5 23. Qxf5 exf5 24. Rc7 a6 25. Bf3 h6 26. b4 g5 27. Bh2 Kg7
28. Kg1 h5 29. Bd6 h4 30. Nc3 Nf8 31. Bxb7 Bxb7 32. Rxb7 Red8 33. Rb6 Ne6 34. a4
g4 35. b5 axb5 36. axb5 Kg6 37. Rc6 Ne4 38. Nxe4 fxe4 39. Rb1 Rd7 40. Bb4 Rad8
41. b6 Rd1+ 42. Rxd1 Rxd1+ 43. Kh2 Rd7 44. Ba5 Rb7 45. Bc3 Kf5 1/2-1/2

[Event "Challenge"]
[Site "http://www.queenalice.com/game.php?id=835556"]
[Date "2010.9.20"]
[Round "-"]
[White "bbbrian"]
[Black "cazzo"]
[Result "0-1"]
[WhiteElo "2235"]
[BlackElo "2353"]

1. d4 d5 2. c4 e5 3. dxe5 d4 4. Nf3 Nc6 5. Nbd2 Qe7 6. Qb3 f6 7. exf6 Nxf6 8. a3
g6 9. g3 Nd7 10. e4 Nc5 11. Qc2 Bg4 12. Bd3 Qf6 13. Nh4 Ne5 14. O-O Bh3 15. f4
Nexd3 16. b4 Bxf1 17. Kxf1 Nxf4 18. bxc5 Bxc5 19. Ndf3 Ne6 20. Rb1 O-O-O 21. Kg2
Rhe8 22. e5 Qg7 23. Qe4 Bb6 24. Bd2 Nc5 0-1

[Event "Challenge #01"]
[Site "http://www.queenalice.com/game.php?id=837989"]
[Date "2010.9.25"]
[Round "-"]
[White "Aylton"]
[Black "bbbrian"]
[Result "0-1"]
[WhiteElo "2058"]
[BlackElo "2213"]

1. d4 d5 2. Nf3 e6 3. e3 Nf6 4. c4 c6 5. a3 Nbd7 6. Nc3 Bd6 7. cxd5 exd5 8. Be2
O-O 9. O-O Re8 10. Bd2 Ne4 11. Qc2 Ndf6 12. h3 Bf5 13. Nxe4 dxe4 14. Ne1 Qd7 15.
b4 Bxh3 16. gxh3 Qxh3 17. f4 exf3 18. Nxf3 Qg3+ 19. Kh1 Ne4 20. Be1 Qh3+ 21. Kg1
Re6 0-1

[Event "Challenge #02"]
[Site "http://www.queenalice.com/game.php?id=837990"]
[Date "2010.9.25"]
[Round "-"]
[White "bbbrian"]
[Black "Aylton"]
[Result "1-0"]
[WhiteElo "2220"]
[BlackElo "2076"]

1. d4 Nf6 2. c4 e6 3. g3 d5 4. Bg2 c6 5. Nf3 a6 6. Qc2 dxc4 7. Qxc4 b5 8. Qc2
Bb7 9. O-O Be7 10. Rd1 O-O 11. Nbd2 Nbd7 12. Nb3 Rc8 13. Nc5 Nxc5 14. dxc5 Qe8
15. e4 Rd8 16. Bf4 Rxd1+ 17. Rxd1 Qc8 18. Bd6 Bxd6 19. Rxd6 Ne8 20. Rd4 f6 21.
Bh3 Kf7 22. e5 f5 23. Ng5+ Kg8 24. Qd1 h6 25. Rd8 Qc7 26. Nxe6 Qxe5 27. Nxf8
Kxf8 28. Qd6+ Qxd6 29. cxd6 1-0

[Event "Challenge"]
[Site "http://www.queenalice.com/game.php?id=843058"]
[Date "2010.10.7"]
[Round "-"]
[White "ONIT91"]
[Black "bbbrian"]
[Result "0-1"]
[WhiteElo "1821"]
[BlackElo "2198"]

1. c4 Nf6 2. Nc3 e5 3. e3 Nc6 4. Nge2 d5 5. cxd5 Nxd5 6. g3 Ndb4 7. d4 exd4 8.
exd4 Nxd4 9. Nxd4 Qxd4 10. Qe2+ Be6 11. Be3 Qd7 12. Bg2 Nd3+ 13. Kf1 Ne5 14. b3
c6 15. Rd1 Qc7 16. Ne4 Be7 17. Bf4 O-O 18. Nc3 f6 19. Re1 Bb4 20. Rc1 Qa5 21.
Na4 Rad8 22. Bxe5 fxe5 23. Be4 Rd2 24. Qe3 Rdxf2+ 25. Qxf2 Qb5+ 26. Kg2 Rxf2+
27. Kxf2 Bd5 28. Bxd5+ cxd5 29. Rhd1 d4 30. Rc8+ Kf7 31. Rd8 Qc6 32. Rf1 b5 33.
Nb2 Qc2+ 34. Kg1+ Ke7 35. Rf2 Qc1+ 36. Kg2 Kxd8 37. Nd3 Qc6+ 38. Kg1 Bd6 0-1

[Event "brancas"]
[Site "http://www.queenalice.com/game.php?id=847022"]
[Date "2010.10.17"]
[Round "-"]
[White "paloberto"]
[Black "bbbrian"]
[Result "1-0"]
[WhiteElo "2088"]
[BlackElo "2240"]

1. d4 Nf6 2. c4 e6 3. Nc3 d5 4. Bg5 Be7 5. cxd5 exd5 6. Nf3 c6 7. e3 Bf5 8. Bd3
Bxd3 9. Qxd3 Nbd7 10. Bxf6 Nxf6 11. O-O O-O 12. Rfe1 Re8 13. a3 Bd6 14. b3 1-0

[Event "Veins QA"]
[Site "http://www.queenalice.com/game.php?id=850356"]
[Date "2010.10.25"]
[Round "1"]
[White "CarlosKerber"]
[Black "bbbrian"]
[Result "0-1"]
[WhiteElo "1592"]
[BlackElo "2200"]

1. d4 Nf6 2. Nf3 e6 3. Bf4 c5 4. e3 cxd4 5. exd4 b6 6. Bd3 Bb7 7. O-O Be7 8. h3
O-O 9. Nbd2 d6 10. Re1 Re8 11. c3 Nbd7 12. Bc2 a6 13. Ne4 Nxe4 14. Bxe4 Bxe4 15.
Rxe4 Nf6 16. Re2 Nd5 17. Bd2 b5 18. Qe1 Qb6 19. Ng5 Bxg5 20. Bxg5 Rac8 21. Bd2
b4 22. g3 bxc3 23. bxc3 Rc4 24. Rb1 Qc6 25. Rb3 Rc8 26. Qb1 Nxc3 27. Bxc3 Rxc3
28. Re1 d5 29. Rb6 Qc4 30. Rd1 Rc2 31. Rb8 Qe2 32. Rxc8+ Rxc8 33. Re1 Qd2 34.
Rd1 Qc2 35. h4 g6 36. Qa1 Rc4 37. Kf1 Ra4 38. a3 Qb3 39. Qc1 Rxa3 40. Qh6 Qxd1+
0-1

[Event "Challenge #03"]
[Site "http://www.queenalice.com/game.php?id=875412"]
[Date "2010.12.22"]
[Round "-"]
[White "Aylton"]
[Black "bbbrian"]
[Result "1-0"]
[WhiteElo "2129"]
[BlackElo "2193"]

1. d4 Nf6 2. Nf3 b6 3. e3 Bb7 4. c4 e6 5. Nc3 Bb4 6. Bd2 O-O 7. a3 Bxc3 8. Bxc3
Ne4 9. Rc1 d6 10. Bd3 Nd7 11. O-O f5 12. Bxe4 1-0

[Event "Challenge"]
[Site "http://www.queenalice.com/game.php?id=904910"]
[Date "2011.2.24"]
[Round "-"]
[White "bbbrian"]
[Black "plot24"]
[Result "1-0"]
[WhiteElo "2199"]
[BlackElo "1839"]

1. d4 d5 2. c4 e6 3. Nf3 c6 4. Nc3 Nf6 5. Bg5 Nbd7 6. e3 Be7 7. Qc2 dxc4 8. Bxc4
O-O 9. O-O Nh5 10. Bxe7 Qxe7 11. Rac1 g6 12. Rfd1 e5 13. d5 Ndf6 14. d6 Qe8 15.
Ng5 h6 16. Nxf7 Rxf7 17. Qxg6+ Ng7 18. Qxf6 1-0

[Event "Challenge"]
[Site "http://www.queenalice.com/game.php?id=905165"]
[Date "2011.2.25"]
[Round "-"]
[White "plot24"]
[Black "bbbrian"]
[Result "0-1"]
[WhiteElo "1860"]
[BlackElo "2174"]

1. d4 Nf6 2. e3 e6 3. Bd3 c5 4. c4 Nc6 5. Nf3 d5 6. Nc3 dxc4 7. Bxc4 a6 8. d5
Na5 9. Nd2 b5 10. Qf3 bxc4 0-1

[Event "Challenge"]
[Site "http://www.queenalice.com/game.php?id=916662"]
[Date "2011.3.23"]
[Round "-"]
[White "bbbrian"]
[Black "ErnestHemingway"]
[Result "1-0"]
[WhiteElo "2206"]
[BlackElo "1846"]

1. d4 Nf6 2. c4 g6 3. Nc3 Bg7 4. e4 d6 5. f3 O-O 6. Be3 c5 7. Nge2 Nc6 8. d5 Ne5
9. Ng3 e6 10. Be2 exd5 11. cxd5 a6 12. a4 h5 13. O-O Nh7 14. Qd2 h4 15. Nh1 f5
16. Nf2 Qf6 17. f4 1-0

[Event "Challenge"]
[Site "http://www.queenalice.com/game.php?id=917101"]
[Date "2011.3.25"]
[Round "-"]
[White "ErnestHemingway"]
[Black "bbbrian"]
[Result "0-1"]
[WhiteElo "1854"]
[BlackElo "2205"]

1. d4 Nf6 2. Nf3 e6 3. e3 c5 4. Bd3 b6 5. O-O Bb7 6. Nbd2 Be7 7. b3 O-O 8. Bb2
cxd4 9. exd4 d6 10. c4 Nbd7 0-1

[Event "YouGotNuthin Open"]
[Site "http://www.queenalice.com/game.php?id=951789"]
[Date "2011.6.20"]
[Round "-"]
[White "bbbrian"]
[Black "shivaroxxx"]
[Result "1-0"]
[WhiteElo "2204"]
[BlackElo "1187"]

1. d4 Nf6 2. c4 g6 3. Nc3 d5 4. cxd5 Nxd5 5. e4 Nxc3 6. bxc3 Bg7 7. Bc4 c5 8.
Ne2 Nc6 9. Be3 O-O 10. O-O Na5 11. Bd3 b6 12. Qd2 e5 13. Bh6 exd4 14. Bxg7 Kxg7
15. cxd4 cxd4 16. f4 f6 17. f5 Nc6 18. Rf3 Ne5 19. Rg3 Qd6 20. Rb1 Bd7 21. fxg6
hxg6 22. Nf4 Rac8 23. Nxg6 Nxg6 24. Rxg6+ Kf7 25. e5 Qxe5 26. Re1 Qxe1+ 27. Qxe1
Rc3 28. Rh6 Rxd3 29. Rh7+ Kg8 30. Qe7 1-0